<?xml version="1.0" encoding="UTF-8"?>
<collection xmlns:xsi="http://www.w3.org/2001/XMLSchema-instance" xsi:schemaLocation="http://www.loc.gov/MARC21/slim http://www.loc.gov/standards/marcxml/schema/MARC21slim.xsd" xmlns="http://www.loc.gov/MARC21/slim">
 <record>
  <leader>00000nam a2200000 a 4500</leader>
  <controlfield tag="001">UP-1685594773863150763</controlfield>
  <controlfield tag="003">Buklod</controlfield>
  <controlfield tag="005">20230718082527.0</controlfield>
  <controlfield tag="006">m     |  |        </controlfield>
  <controlfield tag="007">ta</controlfield>
  <controlfield tag="008">230718s2011    nyu        u        eng d</controlfield>
  <datafield tag="010" ind1=" " ind2=" ">
   <subfield code="a">2010043637</subfield>
  </datafield>
  <datafield tag="020" ind1=" " ind2=" ">
   <subfield code="a">9780230110212</subfield>
  </datafield>
  <datafield tag="035" ind1=" " ind2=" ">
   <subfield code="a">16511995</subfield>
  </datafield>
  <datafield tag="040" ind1="0" ind2=" ">
   <subfield code="a">DLC</subfield>
   <subfield code="c">DLC</subfield>
   <subfield code="d">BAG</subfield>
   <subfield code="e">rda</subfield>
  </datafield>
  <datafield tag="041" ind1="0" ind2=" ">
   <subfield code="a">eng</subfield>
   <subfield code="h">fre</subfield>
  </datafield>
  <datafield tag="090" ind1="0" ind2="0">
   <subfield code="a">ML-ebook</subfield>
  </datafield>
  <datafield tag="100" ind1="1" ind2=" ">
   <subfield code="a">Westphal, Bertrand.</subfield>
   <subfield code="e">author.</subfield>
  </datafield>
  <datafield tag="240" ind1="1" ind2="0">
   <subfield code="a">Géocritique.</subfield>
   <subfield code="l">English</subfield>
  </datafield>
  <datafield tag="245" ind1="1" ind2="0">
   <subfield code="a">Geocriticism</subfield>
   <subfield code="b">real and fictional spaces</subfield>
   <subfield code="c">Bertrand Westphal ; translated by Robert T. Tally Jr.</subfield>
  </datafield>
  <datafield tag="264" ind1=" " ind2="0">
   <subfield code="a">New York</subfield>
   <subfield code="b">Palgrave Macmillan</subfield>
   <subfield code="c">2011.</subfield>
  </datafield>
  <datafield tag="300" ind1=" " ind2=" ">
   <subfield code="a">1 online resource (xiii, 192 pages)</subfield>
  </datafield>
  <datafield tag="336" ind1=" " ind2=" ">
   <subfield code="a">text</subfield>
   <subfield code="2">rdacontent</subfield>
  </datafield>
  <datafield tag="337" ind1=" " ind2=" ">
   <subfield code="a">computer</subfield>
   <subfield code="2">rdamedia</subfield>
  </datafield>
  <datafield tag="338" ind1=" " ind2=" ">
   <subfield code="a">online resource</subfield>
   <subfield code="2">rdacarrier</subfield>
  </datafield>
  <datafield tag="500" ind1=" " ind2=" ">
   <subfield code="a">Originally published in French as La géocritique: réel, fiction, espace.</subfield>
  </datafield>
  <datafield tag="504" ind1=" " ind2=" ">
   <subfield code="a">Includes bibliographical references (pages [171]-186) and index.</subfield>
  </datafield>
  <datafield tag="505" ind1="0" ind2="0">
   <subfield code="a">Introduction -- Spatio-temporality -- Transgressivity -- Referentiality -- Elements of geocriticism -- Reading spaces.</subfield>
  </datafield>
  <datafield tag="650" ind1="0" ind2="0">
   <subfield code="a">Geocriticism.</subfield>
  </datafield>
  <datafield tag="650" ind1="0" ind2="0">
   <subfield code="a">Geographical perception in literature.</subfield>
  </datafield>
  <datafield tag="650" ind1="0" ind2="0">
   <subfield code="a">Geography and literature.</subfield>
  </datafield>
  <datafield tag="650" ind1="0" ind2="0">
   <subfield code="a">Geography in literature.</subfield>
  </datafield>
  <datafield tag="650" ind1="0" ind2="0">
   <subfield code="a">Space in literature.</subfield>
  </datafield>
  <datafield tag="650" ind1="0" ind2="0">
   <subfield code="a">Literature, Modern</subfield>
   <subfield code="x">History and criticism</subfield>
   <subfield code="x">Theory, etc.</subfield>
  </datafield>
  <datafield tag="700" ind1="1" ind2=" ">
   <subfield code="a">Tally, Robert T.</subfield>
   <subfield code="c">Jr.</subfield>
  </datafield>
  <datafield tag="856" ind1="4" ind2="0">
   <subfield code="a">Available for the University of the Philippines Baguio</subfield>
   <subfield code="y">Click here to access</subfield>
   <subfield code="u">https://upsystem-my.sharepoint.com/:b:/g/personal/e-resourceslibrary_upbaguio_outlook_up_edu_ph/ETga0uwLcfFOr-supUDvS4MBGkW5IcGiitcXDTUIsMOZsQ?e=1gRVhO</subfield>
  </datafield>
  <datafield tag="905" ind1=" " ind2=" ">
   <subfield code="a">FO</subfield>
  </datafield>
  <datafield tag="852" ind1="0" ind2=" ">
   <subfield code="a">UPBAG</subfield>
   <subfield code="b">UPBAG-MAIN</subfield>
   <subfield code="h">ML-EBOOK</subfield>
  </datafield>
  <datafield tag="856" ind1="4" ind2="0">
   <subfield code="y">Geocriticism: Real and Fictional Spaces</subfield>
   <subfield code="u">https://drive.google.com/file/d/1UWxsGhglrIkgS2wbOj-H5l1DgRhiVuis/view</subfield>
   <subfield code="q">application/pdf</subfield>
   <subfield code="s">1.66 Mb</subfield>
   <subfield code="z">Open Access</subfield>
   <subfield code="7">0</subfield>
  </datafield>
  <datafield tag="942" ind1=" " ind2=" ">
   <subfield code="a">Electronic Resource</subfield>
  </datafield>
 </record>
</collection>
